Ecology of populations (Record no. 12116)

000 -LEADER
fixed length control field 00444cam a2200169 4500
040 ## - CATALOGING SOURCE
Transcribing agency DLC
082 00 - DEWEY DECIMAL CLASSIFICATION NUMBER
Classification number 574 MAC 1968 A032 Or.
100 1# - MAIN ENTRY--AUTHOR NAME
Personal name Boughey, Arthur S.
245 10 - TITLE STATEMENT
Title Ecology of populations
260 ## - PUBLICATION, DISTRIBUTION, ETC. (IMPRINT)
Place of publication New York,
Name of publisher Macmillan
Year of publication [1968]
300 ## - PHYSICAL DESCRIPTION
Number of Pages viii, 135 p.
Other physical details illus., maps.
Dimensions 24 cm.
490 0# - SERIES STATEMENT
Series statement Current concepts in biology
650 #0 - SUBJECT ADDED ENTRY--TOPICAL TERM
Topical Term Ecology.
650 #0 - SUBJECT ADDED ENTRY--TOPICAL TERM
Topical Term Biotic communities.
650 #0 - SUBJECT ADDED ENTRY--TOPICAL TERM
Topical Term Population biology.
942 ## - ADDED ENTRY ELEMENTS (KOHA)
Koha item type សៀវភៅភាសាអង់គ្លេស
952 ## - LOCATION AND ITEM INFORMATION (KOHA)
Withdrawn status [LOCAL, KOHA] 0
952 ## - LOCATION AND ITEM INFORMATION (KOHA)
Withdrawn status [LOCAL, KOHA] 0
Holdings
Permanent Location Date acquired Koha item type Lost status Shelving location Barcode Current Location Full call number
Library Block A2017-08-10សៀវភៅភាសាអង់គ្លេស A032A09250Library Block A574 MAC 1968 A032 Or.
Library Block A2017-08-10សៀវភៅភាសាអង់គ្លេស A032A09288Library Block A574 MAC 1968 A032 Or.
មជ្ឈមណ្ឌលឯការនៃសាកលវិទ្យាល័យភូមិន្ទកសិកម្មចំការដូង

Powered by Koha